[Event "POL-chT"]
[Site "Porabka"]
[Date "1986.??.??"]
[Round "?"]
[White "Ehrenfeucht, Wojciech"]
[Black "Szypulski, Andrzej"]
[Result "1/2-1/2"]
[WhiteElo "2320"]
[BlackElo "2280"]

1.Nf3 Nf6 2.c4 e6 3.g3 b6 4.Bg2 Bb7 5.O-O c5 6.b3 Be7 7.Bb2 O-O 8.e3 d6 9.Qe2 Nbd7
10.Rd1 Qc7 11.Nc3 a6 12.d4 Ne4 13.d5 Nxc3 14.Bxc3 exd5 15.cxd5 Bf6 16.Rac1 Rfe8
17.Nh4 Bxc3 18.Rxc3 Nf6 19.Qc2 a5 20.a4 g6 21.e4 Qe7 22.Re3 Rad8 23.h3 Nh5
24.Nf3 Nf6 25.Nd2 Nd7 26.Nc4 Qf8 27.f4 Ba6 28.Rde1 Bxc4 29.bxc4 Qg7 30.Kh2 Re7
31.h4 Rde8 32.R3e2 f6 33.Bh3 Nf8 34.Qb2 Rb8 35.Qb5 Ree8 36.Qc6 Qe7 37.Rb1 Qd8
38.Bg2 Re7 39.Qb5 Nd7 40.Qb2 Qe8 41.Rbe1 g5 42.Bh3 Rg7 43.Be6+ Kh8 44.Rg2 gxf4
45.gxf4 Qh5 46.Rxg7 Qxh4+ 47.Bh3 Kxg7 48.Rg1+ Kf7 49.Rg4 Qh6 50.Qf2 Nf8 51.Rh4 Qg7
52.Rg4 Qh6 53.Rh4 Qg7 54.e5 Ke7 55.Rg4 Qh6 56.Rh4 Qg7 57.Rg4 Qh6 58.Qg3 Ng6
59.exf6+ Kxf6 60.Qc3+ Kf7 61.Rg5 Nxf4 62.Rf5+ Kg8 63.Qg3+ Ng6 64.Qxd6 Re8
65.Rf2 Qh5 66.Qf6 Qe5+ 67.Qxe5 Nxe5 68.d6 Kg7 69.d7 Rd8 70.Be6 Kg6 71.Kg3 h5
72.Rb2 Kf6 73.Rxb6 Ke7 74.Ra6 Nxd7 75.Bd5 Nf6 76.Re6+ Kf7 77.Rd6+ Ke7 78.Re6+ Kf7
79.Rd6+ Ke7  1/2-1/2

[Event "POL-chT"]
[Site "Porabka"]
[Date "1986.??.??"]
[Round "?"]
[White "Szalajdewicz, Janusz"]
[Black "Twardon, Marian"]
[Result "0-1"]
[WhiteElo "2315"]
[BlackElo "2345"]

1.c4 c5 2.Nf3 Nf6 3.g3 b6 4.Bg2 Bb7 5.O-O e6 6.Nc3 Be7 7.d4 cxd4 8.Qxd4 d6
9.b3 O-O 10.Bb2 Nbd7 11.Rfd1 a6 12.Ne1 Bxg2 13.Nxg2 Qc7 14.Rac1 Rfd8 15.Ne3 Qb7
16.Qd3 Ne5 17.Qb1 b5 18.cxb5 axb5 19.Nc2 h5 20.h4 b4 21.Na4 Neg4 22.f3 Nh6
23.Bd4 e5 24.Bf2 d5 25.Rd2 d4 26.Ne1 Nd5 27.Qe4 Qb8 28.f4 Ng4 29.fxe5 Nc3
30.Nxc3 dxc3 31.Rxd8+ Qxd8 32.Nd3 Rxa2 33.Rf1 Qd7 34.Qf3 Qe6 35.Bd4 Qxb3
36.Nf4 Qc4 37.Ba7 Bc5+ 38.Bxc5 Qxc5+ 39.Kh1 Qxe5 40.Nd3 Qe6 41.Nxb4 Rxe2  0-1

[Event "POL-chT"]
[Site "Porabka"]
[Date "1986.??.??"]
[Round "?"]
[White "Pokojowczyk, Jerzy"]
[Black "Stempin, Pawel"]
[Result "1/2-1/2"]
[WhiteElo "2405"]
[BlackElo "2420"]

1.c4 c5 2.Nf3 Nf6 3.g3 b6 4.Bg2 Bb7 5.O-O e6 6.Nc3 a6 7.d4 cxd4 8.Qxd4 d6
9.b3 Nbd7 10.Bb2 Be7 11.Rad1 O-O 12.Ng5 Bxg2 13.Kxg2 Qc7 14.Nce4 h6 15.Nf3 Rfd8
16.Rc1 Nc5 17.Nxf6+ Bxf6 18.Qd2 Ne4 19.Qc2 Bxb2 20.Qxb2 Qb7 21.Rfd1 b5 22.Rd4 b4
23.Qc2 f5 24.Kg1 Qb6 25.Rxe4 fxe4 26.Qxe4 d5 27.Qg6 Rac8 28.c5 Rxc5 29.Rxc5 Qxc5
30.Qxe6+ Kh7 31.Qf5+ Kg8 32.Qe6+ Kh7 33.Qf5+ Kg8 34.Qe6+  1/2-1/2

[Event "URS-ch sf"]
[Site "Sevastopol"]
[Date "1986.??.??"]
[Round "?"]
[White "Ilinsky, Vladimir"]
[Black "Rozentalis, Eduardas"]
[Result "0-1"]
[WhiteElo "2360"]
[BlackElo "2465"]

1.Nf3 Nf6 2.c4 b6 3.g3 Bb7 4.Bg2 e6 5.O-O c5 6.b3 Be7 7.Bb2 O-O 8.Na3 d6
9.Nc2 Nbd7 10.d3 d5 11.cxd5 exd5 12.d4 Ne4 13.Ne3 Ndf6 14.Ne5 Re8 15.Rc1 Rc8
16.Qd3 Rc7 17.Rfd1 Qc8 18.Qb1 Bd6 19.Bxe4 Nxe4 20.Nf3 c4 21.bxc4 dxc4 22.Bc3 Qh3
23.Be1 Re6 24.d5 Nxg3 25.Qc2 Rxe3 26.hxg3 Re8 27.Rd4 Bc5 28.Ng5 Qh5 29.Rh4 Qg6
30.Qxg6 hxg6 31.e4 Ba3 32.Rc2 Bxd5 33.exd5 Rxe1+ 34.Kg2 Re5 35.Nf3 Rxd5 36.Rhxc4 Rxc4
37.Rxc4 Bc5 38.a4 f6 39.Kf1 Rd3 40.Ke2 Ra3 41.Nd2 Ra2 42.f3 a5 43.Kd3 Ra3+
44.Ke2 f5 45.g4 Kf7 46.gxf5 gxf5 47.f4 Ke6  0-1

[Event "BCF-ch"]
[Site "Southampton"]
[Date "1986.??.??"]
[Round "4"]
[White "Roe, Simon J"]
[Black "Pritchett, Craig William"]
[Result "1/2-1/2"]
[WhiteElo "2230"]
[BlackElo "2400"]

1.Nf3 c5 2.c4 Nf6 3.g3 b6 4.Bg2 Bb7 5.O-O e6 6.Nc3 d6 7.d4 cxd4 8.Qxd4 a6
9.Rd1 Be7 10.b3 Nbd7 11.e4 Qc7 12.Ba3 Nc5 13.e5 dxe5 14.Qxe5 Rc8 15.Qxc7 Rxc7
16.Bc1 Nfe4 17.Bf4 Rc8 18.Nxe4 Bxe4 19.Be5 f6 20.Bd6 Nb7 21.Bxe7 Kxe7 22.Re1 Nc5
23.Re3 Rhd8 24.Rae1 Bxf3 25.Bxf3 Rd3 26.Bg4 Rxe3 27.Rxe3 a5 28.a3 Rc6 29.b4 axb4
30.axb4 Nd7 31.f4 g6 32.Be2 Rd6 33.Rd3 Nb8 34.Ra3 Nc6 35.c5 bxc5 36.bxc5 Rd5
37.Bf3 Rxc5 38.Bxc6 Rxc6 39.Ra7+ Kd6 40.Rxh7 Kd5 41.Kg2 Ke4 42.Ra7 Rc2+ 43.Kh3 e5
44.fxe5 fxe5 45.Kg4 Rxh2 46.Ra4+ Kd3  1/2-1/2

[Event "Tirnavia-B"]
[Site "Trnava"]
[Date "1986.??.??"]
[Round "2"]
[White "Duriga, Stefan"]
[Black "Jurek, Josef"]
[Result "1/2-1/2"]
[WhiteElo "2315"]
[BlackElo "2355"]

1.c4 Nf6 2.Nf3 e6 3.g3 b6 4.Bg2 Bb7 5.O-O c5 6.Nc3 Be7 7.d4 cxd4 8.Qxd4 d6
9.Rd1 a6 10.b3 Nbd7 11.Bb2 O-O 12.e4 Qc7 13.h3 Rad8 14.Qe3 Rfe8 15.Rac1 Qb8
16.Nd4 g6 17.Kh1 Bf8 18.f4 Bh6 19.Nde2 Nc5 20.b4 Ncd7 21.g4 Bg7 22.Ng3 Re7
23.g5 Ne8 24.Qf2 Rc8 25.f5 Rxc4 26.f6 Nexf6 27.gxf6 Bxf6 28.a3 Be5 29.Nf1 Nf6
30.Nd2 Rc8 31.Na4 Bxb2 32.Nxb2 Rxc1 33.Rxc1 Nd7 34.Nd3 b5 35.Qd4 Re8 36.Nb3 Ba8
37.Na5 Nb6 38.Nc6 Qc7 39.Ne7+ Qxe7 40.Qxb6 Qh4 41.Qf2 Qd8 42.Qa7 Qh4 43.Qf2 Qd8
44.Rf1 Rf8 45.Qg3 Qb6 46.Nf4 Qd4 47.Qd3 Qe5 48.Ne2 Rc8 49.Rd1 d5 50.exd5 Bxd5
51.Bxd5 exd5 52.Nd4 Re8 53.Qf3 Qe3 54.Rd3 Qe1+ 55.Kh2 Re5 56.Qg3 Qe4 57.Qf3 Qh4
58.Qg3 Qe7 59.Rf3 Rg5 60.Qb8+ Kg7 61.Qf4 Re5 62.Nc6 Re2+ 63.Kg3 Qe8 64.Qd4+ Kh6
65.Qxd5 f5 66.Qd6 Re6 67.Qd2+ Kh5 68.Nd4 Re4 69.Kg2 Qe5 70.Rd3 g5 71.Qf2 f4
72.Nf3 Qe6 73.Qa7 h6 74.Qd7 Re2+ 75.Kf1 Qxd7 76.Rxd7 Re3 77.Kf2 Rxa3 78.Rd6 Ra2+
79.Kf1 a5 80.bxa5 Rxa5 81.Kg2 Ra2+ 82.Kf1 Ra3 83.Ng1 b4 84.Rb6 b3 85.Ne2 b2
86.Rxb2 Rxh3 87.Kg2 Rd3 88.Nxf4+ gxf4 89.Rb8 Rg3+ 90.Kf2 Rg5  1/2-1/2

[Event "Wch U20"]
[Site "Baguio"]
[Date "1987.??.??"]
[Round "?"]
[White "Ninov, Kiril"]
[Black "Wessman, Richard"]
[Result "1-0"]
[WhiteElo "2425"]
[BlackElo "2285"]

1.Nf3 c5 2.g3 b6 3.Bg2 Bb7 4.O-O Nf6 5.c4 e6 6.Nc3 a6 7.d4 cxd4 8.Qxd4 d6
9.Rd1 Nbd7 10.Bg5 Be7 11.Qd2 O-O 12.Bf4 e5 13.Bg5 h6 14.Bxf6 Nxf6 15.Nh4 Bxg2
16.Nxg2 Ne8 17.Nd5 Kh8 18.Qd3 f5 19.e4 fxe4 20.Qxe4 Rc8 21.Nxe7 Qxe7 22.Nh4 Rf6
23.Ng6+ Rxg6 24.Qxg6 e4 25.Rd4 Nf6 26.Rad1 Re8 27.Qf5 e3 28.fxe3 Qxe3+ 29.Qf2 Qe5
30.Qf4 Qh5 31.Rf1 Qh3 32.Qf5 Ng4 33.Qxg4  1-0

[Event "Belgrade (Women)"]
[Site "Belgrade"]
[Date "1987.??.??"]
[Round "1"]
[White "Cejic, Dusica"]
[Black "Markovic, Gordana"]
[Result "1/2-1/2"]
[WhiteElo "2140"]
[BlackElo "2215"]

1.Nf3 Nf6 2.g3 b6 3.Bg2 Bb7 4.O-O c5 5.c4 e6 6.Nc3 d6 7.d4 cxd4 8.Nxd4 Bxg2
9.Kxg2 a6 10.b3 Be7 11.e4 O-O 12.Be3 Qc7 13.Rc1 Qb7 14.f3 Nbd7 15.Qe2  1/2-1/2

[Event "Noviki-A"]
[Site "Budapest"]
[Date "1987.??.??"]
[Round "?"]
[White "Szilagyi, Peter"]
[Black "Bischoff, Klaus"]
[Result "1/2-1/2"]
[WhiteElo "2405"]
[BlackElo "2460"]

1.Nf3 c5 2.c4 e6 3.g3 b6 4.Bg2 Bb7 5.O-O Nf6 6.Nc3 d6 7.b3 Be7 8.d4 cxd4
9.Nxd4 Bxg2 10.Kxg2 a6 11.e3 Qc7 12.Bb2 Qb7+ 13.Qf3 Qxf3+ 14.Kxf3 O-O 15.Ke2 Rc8
16.Rfc1 Nbd7 17.f4 g6 18.Kf3 Rab8 19.g4 h6  1/2-1/2

[Event "Camaguey-B"]
[Site "Camaguey"]
[Date "1987.??.??"]
[Round "?"]
[White "Estevez, Guillermo"]
[Black "Armas, Jorge"]
[Result "1/2-1/2"]
[WhiteElo "2395"]
[BlackElo "2455"]

1.Nf3 Nf6 2.c4 c5 3.g3 b6 4.Bg2 Bb7 5.O-O e6 6.Nc3 d6 7.d4 cxd4 8.Qxd4 a6
9.Rd1 Nbd7 10.b3 Be7 11.Bb2 O-O 12.e4 Qc7 13.h3 Rac8 14.Rac1 Rfe8  1/2-1/2

[Event "New Delhi"]
[Site "Delhi"]
[Date "1987.??.??"]
[Round "?"]
[White "Csom, Istvan"]
[Black "Sahu, Sekhar Chandra"]
[Result "1-0"]
[WhiteElo "2480"]
[BlackElo "2380"]

1.c4 c5 2.Nf3 Nf6 3.g3 b6 4.Bg2 Bb7 5.O-O e6 6.Nc3 Be7 7.d4 cxd4 8.Qxd4 d6
9.Rd1 a6 10.Ng5 Nc6 11.Qf4 Qc7 12.b3 Na5 13.Nge4 Rd8 14.Ba3 Nh5 15.Bxd6 Nxf4
16.Bxc7 Rxd1+ 17.Rxd1 Nxg2 18.Bxb6 h5 19.Bxa5 h4 20.Kxg2 f5 21.f3 fxe4 22.Nxe4 h3+
23.Kf2 O-O 24.Ke1 Bc5 25.b4 Be3 26.Rd3 Bg1 27.Rd8 Rxd8 28.Bxd8 Kf7 29.b5 Ke8
30.Bc7 Kd7 31.Be5 g6 32.g4 Be3 33.Kd1  1-0

[Event "HUN-ch op"]
[Site "Eger"]
[Date "1987.??.??"]
[Round "?"]
[White "Baldauf, Markus"]
[Black "Habibi, Ali"]
[Result "1/2-1/2"]
[WhiteElo "2325"]
[BlackElo "2270"]

1.Nf3 Nf6 2.c4 c5 3.g3 b6 4.Bg2 Bb7 5.O-O e6 6.Nc3 Be7 7.d4 cxd4 8.Qxd4 a6
9.Be3 Bc5 10.Qd3 d6 11.Ng5 Bxg2 12.Kxg2 Nbd7 13.Bf4 Nh5 14.Nge4 Nxf4+ 15.gxf4 Rc8
16.a3 a5 17.Nb5 O-O 18.Rad1 Nf6 19.Nbxd6 Bxd6 20.Nxd6 Rc5 21.Qf3 Qc7 22.b3 Rh5
23.Rd3 Qc5 24.Ne4 Nxe4 25.Qxe4 Qxa3 26.Rfd1 Qe7 27.h3 Qh4 28.Qd4 h6 29.Rg3 e5
30.fxe5 Qxd4 31.Rxd4 Rxe5 32.e3 Rfe8 33.Rgg4 b5 34.Rd7 bxc4 35.Rxc4 R8e6
36.Rc8+ Re8 37.Rxe8+ Rxe8 38.Rd5 Ra8 39.Rb5 Ra7 40.Re5 a4  1/2-1/2

[Event "BUL-ch"]
[Site "Elenite"]
[Date "1987.??.??"]
[Round "11"]
[White "Velikov, Petar"]
[Black "Danailov, Silvio"]
[Result "1-0"]
[WhiteElo "2475"]
[BlackElo "2395"]

1.Nf3 c5 2.c4 Nf6 3.g3 b6 4.Bg2 Bb7 5.O-O e6 6.Nc3 d6 7.d4 cxd4 8.Qxd4 a6
9.Rd1 Be7 10.Bg5 Nbd7 11.Qd2 Rc8 12.Bf4 Rxc4 13.Bxd6 O-O 14.Ne5 Nxe5 15.Bxb7 Bxd6
16.Qxd6 Qxd6 17.Rxd6 Rb4 18.b3 a5 19.Rb1 Rb8 20.a3 Ne8 21.Rdd1 Rg4 22.Bg2 Rg6
23.Nb5 f5 24.Rbc1 Rf6 25.Nd4 Rd8 26.f4 Nf7 27.Nc6 Rxd1+ 28.Rxd1 Nfd6 29.Ne5 b5
30.Rc1  1-0

[Event "Bundesliga 8687"]
[Site "Germany"]
[Date "1987.??.??"]
[Round "?"]
[White "Haefner, Thomas"]
[Black "Roeder, Mathias"]
[Result "1-0"]
[WhiteElo "2355"]
[BlackElo "2280"]

1.c4 Nf6 2.Nf3 c5 3.g3 b6 4.Bg2 Bb7 5.O-O e6 6.Na3 Be7 7.b3 O-O 8.d3 d5 9.e3 Nc6
10.Bb2 Re8 11.Qe2 Bf8 12.Rad1 e5 13.cxd5 Nxd5 14.Rd2 Qc7 15.Rc1 Rad8 16.Qd1 Qb8
17.Nc2 Qa8 18.d4 cxd4 19.exd4 e4 20.Ng5 f5 21.Qh5 h6 22.Qf7+ Kh8 23.Ne6 Rd6
24.Nxf8 Rxf8 25.Qh5 a5 26.Ne3 Nxe3 27.fxe3 Nb4 28.Rf1 Rd5 29.Qd1 Ba6 30.Rf4 g5
31.Qh5 Rf6 32.Rff2 Nd3 33.Bxe4 Nxf2 34.Rxf2 Qd8 35.Rxf5 Rdxf5 36.Bxf5 Qe7
37.e4 Be2 38.Qxe2 Rxf5 39.Qh5 Qxe4 40.Qxh6+ Kg8 41.Qg6+  1-0

[Event "Graz op"]
[Site "Graz"]
[Date "1987.??.??"]
[Round "4"]
[White "Kirov, Nino"]
[Black "Suba, Mihai"]
[Result "0-1"]
[WhiteElo "2445"]
[BlackElo "2545"]

1.Nf3 c5 2.g3 b6 3.Bg2 Bb7 4.O-O Nf6 5.c4 e6 6.Nc3 a6 7.b3 Be7 8.Bb2 O-O
9.d4 cxd4 10.Nxd4 Bxg2 11.Kxg2 Qc7 12.e3 Nc6 13.Nxc6 Qxc6+ 14.Qf3 Rfc8 15.a4 d6
16.Ne2 Ne4 17.Nd4 Qb7 18.Rfd1 Rc5 19.Rac1 Rac8 20.Kg1 h5 21.h4 g6 22.Qg2 R5c7
23.Ba1 d5 24.Qh3 Ba3 25.Rb1 dxc4 26.bxc4 Rxc4 27.g4 hxg4 28.Qxg4 e5 29.h5 Nf6
30.Qg5 Nxh5 31.Nf5 Qf3 32.Nh6+ Kh7 33.Bxe5 Bf8 34.Qg2 Qxg2+ 35.Kxg2 Kxh6
36.Rxb6 Rxa4 37.Rd7 Bc5 38.Rbb7 f6 39.f4 Rh8  0-1

[Event "Hameln Voba"]
[Site "Hameln"]
[Date "1987.??.??"]
[Round "?"]
[White "David, Adrian"]
[Black "Zsinka, Laszlo"]
[Result "1/2-1/2"]
[WhiteElo "2360"]
[BlackElo "2395"]

1.Nf3 Nf6 2.c4 b6 3.g3 Bb7 4.Bg2 e6 5.O-O c5 6.Nc3 d6 7.d4 cxd4 8.Qxd4 a6
9.Rd1 Be7 10.Ng5 Bxg2 11.Kxg2 Nc6 12.Qf4 Ra7 13.Nce4 Rd7 14.Nxf6+ Bxf6 15.Nxh7 Rxh7
16.Qe4 Rh5 17.Qxc6  1/2-1/2

[Event "Jurmala"]
[Site "Jurmala"]
[Date "1987.??.??"]
[Round "?"]
[White "Romanishin, Oleg M"]
[Black "Gipslis, Aivars"]
[Result "1/2-1/2"]
[WhiteElo "2555"]
[BlackElo "2495"]

1.Nf3 Nf6 2.c4 b6 3.g3 c5 4.Bg2 Bb7 5.O-O e6 6.Nc3 Be7 7.d4 cxd4 8.Qxd4 Nc6
9.Qf4 O-O 10.Rd1 Qb8 11.b3 Rd8 12.Bb2 d6 13.Rac1 a6 14.Qe3 b5 15.Ba1 h6 16.h3 bxc4
17.bxc4 Qa7 18.Qxa7 Rxa7 19.Na4 Nd7 20.Nd4 Rc8 21.Nb3 Ba8 22.Bb2 Rb8 23.Ba3 Nb4
24.Rb1 Bxg2 25.Kxg2 a5 26.Nc3 d5 27.cxd5 exd5 28.Bxb4 axb4 29.Nxd5 Bf8 30.Rb2 Nb6
31.Nxb6 Rxb6 32.Rd8 g6 33.Rbd2 Kg7 34.R8d7 Rba6 35.Rxa7 Rxa7 36.f4 f5 37.Kf3 h5
38.Nd4 Ra3+ 39.e3 Kf7 40.Rc2 Bg7 41.Rc7+ Kg8 42.Nc6 Rxa2 43.Nxb4 Rd2 44.Nc6 Bf6
45.g4 hxg4+ 46.hxg4 Bh4 47.Ne7+ Bxe7 48.Rxe7 Kf8 49.Rc7 Rd6 50.Rb7 Re6 51.gxf5 gxf5
52.Ke2 Re7 53.Rb5 Rf7 54.Kd3 Kg7 55.Kd4 Rd7+ 56.Rd5 Rf7 57.Rc5 Rd7+ 58.Rd5 Rf7
59.Kc5 Rc7+ 60.Kd6 Rc3 61.Re5 Kf6  1/2-1/2

[Event "Jurmala"]
[Site "Jurmala"]
[Date "1987.??.??"]
[Round "?"]
[White "Kengis, Edvins"]
[Black "Gipslis, Aivars"]
[Result "1/2-1/2"]
[WhiteElo "2475"]
[BlackElo "2495"]

1.Nf3 Nf6 2.c4 b6 3.g3 c5 4.Bg2 Bb7 5.O-O e6 6.Nc3 Be7 7.d4 cxd4 8.Qxd4 Nc6
9.Qf4 O-O 10.Rd1 Qb8 11.Qxb8 Raxb8 12.Bf4 Rbc8 13.Ne5 d6 14.Nxc6 Bxc6 15.Bxd6 Bxd6
16.Rxd6 Bxg2 17.Kxg2 Rxc4 18.Rad1  1/2-1/2

[Event "Leningrad"]
[Site "Leningrad"]
[Date "1987.??.??"]
[Round "?"]
[White "Georgiev, Kiril"]
[Black "Sokolov, Andrei"]
[Result "1/2-1/2"]
[WhiteElo "2590"]
[BlackElo "2645"]

1.Nf3 c5 2.c4 Nf6 3.g3 b6 4.Bg2 Bb7 5.O-O e6 6.Nc3 d6 7.d4 cxd4 8.Qxd4 a6
9.Rd1 Be7 10.Bg5 Nbd7 11.Qd2 O-O 12.Bf4 Ne8 13.Rac1 Rc8 14.b3 h6 15.e4 Qc7
16.h4 Qb8 17.g4 Nc5 18.e5 Qa8 19.exd6 Nxd6 20.Bxd6 Rfd8 21.Nd5 Bxd6 22.Nxb6 Qb8
23.Nxc8 Bh2+ 24.Nxh2 Rxd2 25.Ne7+ Kf8 26.Ng6+ fxg6 27.Rxd2 Bxg2 28.Kxg2 Qf4
29.Rd8+ Ke7 30.Rcd1 e5 31.R8d2  1/2-1/2

[Event "Lloyds Bank op"]
[Site "London"]
[Date "1987.??.??"]
[Round "8"]
[White "Hedge, R."]
[Black "Wahls, Matthias"]
[Result "0-1"]
[WhiteElo "2345"]
[BlackElo "2435"]

1.Nf3 Nf6 2.c4 c5 3.g3 b6 4.Bg2 Bb7 5.O-O e6 6.Nc3 d6 7.Re1 a6 8.e4 Qc7 9.b3 Be7
10.Bb2 O-O 11.d4 cxd4 12.Nxd4 Nbd7 13.Rc1 Rac8 14.f4 Rfe8 15.e5 Bxg2 16.exf6 Ba8
17.fxe7 Qb7 18.Nd5 exd5 19.Nf5 d4 20.Nh4 Qh1+ 21.Kf2 Qxh2+ 22.Kf1 Qxb2 23.Rc2 Qa3
24.Qxd4 Qc5 25.Rd2 Nf6 26.Qxc5 bxc5 27.Nf5 Rc7 28.Rxd6 Be4 29.Rxf6 Bd3+  0-1

[Event "ARG-ch"]
[Site "Salta"]
[Date "1987.??.??"]
[Round "4"]
[White "Glavina, Pablo"]
[Black "Servat, Roberto"]
[Result "1/2-1/2"]
[WhiteElo "2255"]
[BlackElo "2285"]

1.Nf3 e6 2.g3 c5 3.c4 b6 4.Bg2 Bb7 5.O-O Nf6 6.Nc3 Be7 7.d4 cxd4 8.Nxd4 Bxg2
9.Kxg2 Qc8 10.Qd3 Nc6 11.Nxc6 Qxc6+ 12.Qf3 Qxf3+ 13.Kxf3 Rc8 14.b3 d5 15.Nb5 a6
16.Na3 O-O 17.Bb2 dxc4  1/2-1/2

[Event "Nordic-chT"]
[Site "Slupsk"]
[Date "1987.??.??"]
[Round "3"]
[White "Schulz, Klaus Juergen"]
[Black "Hentunen, Asko"]
[Result "1-0"]
[WhiteElo "2405"]
[BlackElo "2290"]

1.Nf3 Nf6 2.g3 b6 3.Bg2 Bb7 4.c4 c5 5.O-O e6 6.Nc3 Be7 7.d4 cxd4 8.Qxd4 d6
9.Rd1 a6 10.Bg5 Nbd7 11.Qd2 Rc8 12.Bf4 Rxc4 13.Bxd6 Bxd6 14.Qxd6 Qc7 15.Ne5 Qxd6
16.Rxd6 Rc7 17.Bxb7 Rxb7 18.Rad1 g6 19.f4 Ke7 20.Nc6+ Kf8 21.g4 Nc5 22.g5 Nfe4
23.Nxe4 Nxe4 24.R6d4 Nc5 25.b4 Rc7 26.Ne5 Nb7 27.Rd7  1-0

[Event "BUL-ch (Women)"]
[Site "Sofia"]
[Date "1987.??.??"]
[Round "7"]
[White "Aladjova, Katrin"]
[Black "Vitanova, Razalina"]
[Result "1-0"]
[WhiteElo "2040"]
[BlackElo "2085"]

1.Nf3 Nf6 2.c4 b6 3.g3 Bb7 4.Bg2 c5 5.O-O e6 6.d4 cxd4 7.Qxd4 Nc6 8.Qf4 d5
9.Rd1 Bd6 10.Qh4 Ne7 11.Bg5 Ne4 12.Nbd2 Nxg5 13.Qxg5 Nf5 14.Qxd8+ Rxd8 15.cxd5 exd5
16.Nb3 O-O 17.Nfd4 Ne7 18.Nb5 Bb8 19.Rd2 Rd7 20.Rad1 Rfd8 21.e4 a6 22.Nc3 Be5
23.Nxd5 Nxd5 24.exd5 Kf8 25.f4 Bf6 26.Nc1 Ke7 27.d6+ Kf8 28.Bh3 Bf3 29.Rf1 Rxd6
30.Rxd6 Rxd6 31.Rxf3 Rd1+ 32.Rf1 Rd2 33.Nb3 Rxb2 34.Rf2 Rb1+ 35.Kg2 a5 36.Bf5 Re1
37.a4 g6 38.Bc2 Ke7 39.Kf3 Kd6 40.Re2 Rxe2 41.Kxe2  1-0

[Event "Tel Aviv"]
[Site "Tel Aviv"]
[Date "1987.??.??"]
[Round "?"]
[White "Stangl, Markus"]
[Black "De Boer, Gert Jan"]
[Result "1-0"]
[WhiteElo "2405"]
[BlackElo "2410"]

1.c4 e6 2.Nf3 Nf6 3.g3 b6 4.Bg2 Bb7 5.O-O c5 6.Nc3 Be7 7.d4 cxd4 8.Qxd4 d6
9.Rd1 a6 10.Ng5 Bxg2 11.Kxg2 Nc6 12.Qf4 O-O 13.Nce4 Ne8 14.b3 Ra7 15.Nf3 Rd7
16.Bb2 Nf6 17.Rd2 Nxe4 18.Qxe4 Qc7 19.Qg4 g6 20.h4 Rfd8 21.Ng5 Ne5 22.Qf4 b5
23.cxb5 axb5 24.Rad1 Qc6+ 25.f3 Qc7 26.h5 h6 27.Ne4 g5 28.Qe3 f6 29.Nc3 b4
30.Nb5 Qb7 31.Nd4 Kf7 32.Kg1 d5 33.f4 gxf4 34.gxf4 Rg8+ 35.Kh1 Ng4 36.Qxe6+ Kf8
37.Rf1 Bc5 38.Qf5 Bxd4 39.Bxd4 Qc6 40.Rc2 Qb7 41.Rfc1 Kf7 42.Rg1  1-0

[Event "Timisoara"]
[Site "Timisoara"]
[Date "1987.??.??"]
[Round "?"]
[White "Kirov, Nino"]
[Black "Foisor, Ovidiu"]
[Result "1/2-1/2"]
[WhiteElo "2450"]
[BlackElo "2495"]

1.Nf3 Nf6 2.g3 b6 3.Bg2 Bb7 4.O-O c5 5.c4 e6 6.Nc3 a6 7.b3 d6 8.d4 cxd4 9.Qxd4 Nbd7
10.Rd1 Be7 11.e4 Qc8 12.Bb2 O-O 13.Rac1  1/2-1/2

[Event "Timisoara"]
[Site "Timisoara"]
[Date "1987.??.??"]
[Round "?"]
[White "Kirov, Nino"]
[Black "Liang Jinrong"]
[Result "1/2-1/2"]
[WhiteElo "2450"]
[BlackElo "2415"]

1.Nf3 Nf6 2.g3 b6 3.Bg2 Bb7 4.O-O e6 5.c4 c5 6.Nc3 Be7 7.b3 d5 8.e3 O-O 9.Bb2 dxc4
10.bxc4 Nc6 11.Qe2 Rc8 12.Rfd1 Qc7 13.Rab1 Rfd8 14.Ba1 Ba8 15.d3 a6 16.h3 Na7
17.g4 Rb8 18.g5 Ne8 19.Ne4 Bxe4 20.dxe4 b5 21.h4 Rxd1+ 22.Rxd1 Rd8 23.Rxd8 Qxd8
24.Ne5 Qa8 25.Bh3 Bd6 26.Bf1 b4 27.Qc2 Bxe5 28.Bxe5 Nc6 29.Ba1 Kf8 30.Kg2  1/2-1/2

[Event "Zuerich op"]
[Site "Zuerich"]
[Date "1987.??.??"]
[Round "6"]
[White "Neckar, Lubomir"]
[Black "Suba, Mihai"]
[Result "1/2-1/2"]
[WhiteElo "2370"]
[BlackElo "2560"]

1.Nf3 c5 2.g3 b6 3.Bg2 Bb7 4.c4 Nf6 5.O-O e6 6.Nc3 a6 7.d4 cxd4 8.Qxd4 d6
9.Rd1 Nbd7 10.Ng5 Bxg2 11.Kxg2 Rc8 12.Nge4 Rc6 13.Bf4 Nxe4 14.Qxe4 Qc8 15.Rac1 Be7
16.b3 O-O 17.Kg1 h6 18.Qd3 Rd8 19.h4 Nf6 20.Qf3 Rc7 21.g4 Qb7 22.Qxb7 Rxb7
23.f3 b5 24.g5 hxg5 25.hxg5 Nh5 26.Be3 bxc4 27.bxc4 Rc8 28.Ne4 Rb2 29.Kf2 f5
30.gxf6 Nxf6 31.Nxd6 Rc6 32.c5 Rxa2 33.Ne4 Nxe4+ 34.fxe4 Kf7 35.Rd7 Ke8 36.Rb7 e5
37.Rb6 Rc8 38.c6 Bh4+ 39.Kf3 Ra3 40.Rh1 g5 41.Rd1 g4+ 42.Kxg4 Bd8 43.Bc1 Bxb6
44.Bxa3 Rxc6 45.Rd6  1/2-1/2

[Event "Wch U20"]
[Site "Adelaide"]
[Date "1988.??.??"]
[Round "4"]
[White "Norwood, David"]
[Black "Lim, Mark"]
[Result "1/2-1/2"]
[WhiteElo "2470"]
[BlackElo "2205"]

1.Nf3 Nf6 2.g3 b6 3.Bg2 Bb7 4.O-O e6 5.c4 c5 6.Nc3 Be7 7.b3 O-O 8.Bb2 d5
9.cxd5 Nxd5 10.Nxd5 Bxd5 11.Qc2 Bf6 12.Rad1 Bxb2 13.Qxb2 Nd7 14.d4 Qe7 15.Rfe1 cxd4
16.Qxd4 Rfd8 17.e4 Bb7 18.Qe3 Nf8 19.Nd2 e5 20.Nc4 f6 21.Bh3 Ne6 22.Bxe6+ Qxe6
23.f3 Ba6  1/2-1/2

[Event "Balatonbereny op"]
[Site "Balatonbereny"]
[Date "1988.??.??"]
[Round "9"]
[White "Dorfman, Josif D"]
[Black "Huzman, Alexander"]
[Result "1-0"]
[WhiteElo "2520"]
[BlackElo "2490"]

1.Nf3 Nf6 2.c4 c5 3.g3 b6 4.Bg2 Bb7 5.O-O e6 6.b3 Be7 7.Bb2 Nc6 8.Nc3 O-O
9.e3 d5 10.cxd5 Nxd5 11.Nxd5 Qxd5 12.d4 Rad8 13.Ne5 Qd6 14.Nxc6 Bxc6 15.Qg4 g6
16.dxc5 bxc5 17.Rfd1 Qc7 18.Rac1 Bxg2 19.Kxg2 Qb7+ 20.Qf3 Rd5 21.Rc4 Rfd8
22.Ra4 Qb6 23.Rxd5 Rxd5 24.Rf4 Rf5 25.Qa8+ Qd8 26.Qxd8+ Bxd8 27.Ra4 Rd5 28.Rxa7 Kf8
29.Ra8 Ke7 30.Ba3 Kd7 31.Kf3 Be7 32.Ke2 Kc6 33.Ra7 Rd7 34.Rxd7 Kxd7 35.Bc1 f5
36.Kd3 g5 37.e4 g4 38.exf5 exf5 39.Kc4 Kc6 40.Be3 h5 41.a4  1-0

[Event "Belgrade (Women)"]
[Site "Belgrade"]
[Date "1988.??.??"]
[Round "2"]
[White "Voiska, Margarita"]
[Black "Gocheva, Rumiana B"]
[Result "1/2-1/2"]
[WhiteElo "2315"]
[BlackElo "2240"]

1.Nf3 Nf6 2.c4 c5 3.g3 b6 4.Bg2 Bb7 5.O-O e6 6.Nc3 d6 7.d4 cxd4 8.Qxd4 a6
9.Bg5 Nbd7 10.Qd2 Qc7 11.b3 Be7 12.Rac1  1/2-1/2

[Event "Berlin op"]
[Site "Berlin-West"]
[Date "1988.??.??"]
[Round "9"]
[White "Lukov, Valentin"]
[Black "Bischoff, Klaus"]
[Result "1/2-1/2"]
[WhiteElo "2465"]
[BlackElo "2510"]

1.Nf3 c5 2.g3 b6 3.Bg2 Bb7 4.c4 Nf6 5.O-O e6 6.Nc3 a6 7.d4 cxd4 8.Qxd4 d6
9.Rd1 Nbd7 10.b3 Be7 11.Bb2 O-O 12.e4 Qc7 13.Rac1 Rac8 14.Qe3 Rfe8 15.Nd4 Qb8
16.h3 Bf8 17.Re1 Ba8 18.Re2 Red8 19.Kh1 g6 20.Rd1 Bg7 21.Red2 Ne8 22.f4 e5
23.Nc2 exf4 24.gxf4 Nc5 25.Nb4 Nf6 26.Ncd5 Nxd5 27.Nxd5 Bxd5 28.Bxg7 Kxg7
29.Rxd5 Kg8 30.f5 Nd7 31.Rxd6 Ne5 32.R6d5 Rxd5 33.Rxd5 Rd8 34.Qd4 Rxd5 35.exd5 Qd6
36.b4 Nd7 37.Qc3 gxf5 38.a4 Qc7 39.Qc1 a5 40.bxa5 bxa5 41.Qg5+ Kf8 42.Qxf5 Ke7
43.Qd3 Qf4 44.Qa3+ Qd6 45.Qe3+ Qe5 46.Qxe5+ Nxe5 47.c5 Nd3 48.c6 Kd6 49.Be4 Nc5
50.Bxh7 Nxa4 51.h4 Nc3 52.h5 Nxd5 53.h6 Nf6 54.Bg8 Kxc6 55.Kg2 Kd6 56.Bxf7 Ke5
57.Kh3 Nh7 58.Bg6 Kf6  1/2-1/2

[Event "Buenos Aires"]
[Site "Buenos Aires"]
[Date "1988.??.??"]
[Round "?"]
[White "Giardelli, Sergio C"]
[Black "Cuasnicu, Oscar"]
[Result "1/2-1/2"]
[WhiteElo "2380"]
[BlackElo "2370"]

1.Nf3 Nf6 2.g3 b6 3.Bg2 Bb7 4.O-O e6 5.c4 c5 6.Nc3 Be7 7.b3 O-O 8.Bb2 d6
9.e3 Nbd7 10.d4 cxd4 11.Nxd4 Bxg2 12.Kxg2 Qc8 13.Rc1  1/2-1/2

[Event "Buenos Aires"]
[Site "Buenos Aires"]
[Date "1988.??.??"]
[Round "?"]
[White "Ricardi, Pablo"]
[Black "Giardelli, Sergio C"]
[Result "1/2-1/2"]
[WhiteElo "2415"]
[BlackElo "2380"]

1.Nf3 Nf6 2.g3 b6 3.Bg2 Bb7 4.O-O e6 5.c4 c5 6.Nc3 Be7 7.d4 cxd4 8.Nxd4 Bxg2
9.Kxg2 a6 10.Qd3 Qc7 11.Rd1 Qb7+ 12.Qf3  1/2-1/2

[Event "BCA op"]
[Site "Buenos Aires"]
[Date "1988.??.??"]
[Round "?"]
[White "Szmetan, Jorge"]
[Black "Vazquez, Rod"]
[Result "1-0"]
[WhiteElo "2405"]
[BlackElo "2290"]

1.Nf3 c5 2.c4 Nf6 3.g3 b6 4.Bg2 Bb7 5.O-O e6 6.e3 d6 7.d4 Qc7 8.b3 Nbd7 9.Nc3 a6
10.Re1 Be7 11.d5 exd5 12.cxd5 b5 13.e4 O-O 14.Bf4 Ng4 15.Rc1 Bf6 16.a4 Qb6
17.h3 Nge5 18.Nxe5 Nxe5 19.Be3 Qa5 20.Nb1 Rfc8 21.f4 Nd7 22.Qd2 Qb4 23.Qxb4 cxb4
24.axb5 axb5 25.Bf1 Bb2 26.Rxc8+ Rxc8 27.Bxb5 Nc5 28.Bxc5 Rxc5 29.Bc4 Kf8
30.Kg2 Ra5 31.Re2 Bd4 32.Nd2 Ra1 33.Nf3 Bc5 34.g4 f6 35.Ne1 Bd4 36.Nc2 Rg1+
37.Kh2 Bc5 38.Nxb4 g5 39.Nd3 Bd4 40.fxg5 fxg5 41.e5 dxe5 42.Rxe5 h6 43.Rf5+ Ke8
44.Ne5 Rb1 45.Nc6 Bc5 46.Rf6 Bf8 47.Kg2 Rb2+ 48.Kf3 Rh2 49.Ke4 Rxh3 50.Bb5 Rxb3
51.Nd4+ Rxb5 52.Nxb5 Bc8 53.Nd6+ Ke7 54.Rxf8 Bxg4 55.Rh8 Kxd6 56.Rxh6+ Kc5
57.Rc6+ Kb5 58.Rg6 Bd1 59.Rxg5 Kc5 60.Ke5 Bb3 61.d6 Kc6 62.Rg7 Ba2  1-0